Najpopularniejsze numery rapowe/trapowe tygodnia.13-19.11 - Statystyki

Ogólne statystyki
  • Ten quiz został rozwiązany 15 razy
  • Średni wynik to 9 z 15
Statystyki odpowiedzi
Artysta Wyświetlenia Utwór % Poprawnych
Wiatr feat. Sobel, Be Vis 1.46M Testarossa
93%
Guzior feat. Oskar83 2.96M FALA
87%
Kabe 2.32M Nad ranem
80%
Żabson feat. Young Leosia, Beteo, Borucci 1.02M ULALA
80%
Alberto 947K Dwutakt
60%
Wac Toja 1.11M Kapitan
60%
Pezet feat. Kayah 1.43M Nisko jest niebo
60%
Bedoes & Lanek 1.16M Rewolucja Romantyczna
60%
Guzior 1.04M KUSHKOMA
47%
Kali & Major SPZ 1.16M Puk! Puk!
47%
Florek feat. Młodypago, Piluś 2.10M Buzi
40%
Kizo feat. Żabson 855K Gra o tron
40%
chillwagon 855K zbastuj bajerke
40%
Słoń 887K Clint Eastwood
33%
Szpaku 822K Ośmiogwiazdkowy S*urwiel
33%
Nie znaleziono quizów pasujących do podanych kryteriów
Rozkład punktacji
Procent ludzi z każdym wynikiem
Percentyl według liczby udzielonych odpowiedzi
Twoja historia wyników
Nie rozwiązałeś tego quizu